|
|
|
|
| LEADER |
00685cam a2200205 7i4500 |
| 001 |
0000041669 |
| 005 |
20100701090000.0 |
| 020 |
# |
0 |
|a 1859572715
|
| 022 |
# |
# |
|a 0889-3144
|
| 090 |
0 |
0 |
|a TA 455 .P58
|b W7 2001
|
| 100 |
1 |
# |
|a Wright, D.C.
|
| 245 |
1 |
0 |
|a Failure of Polymer Products Due to Thermo-oxidation
|c D.C. Wright.
|
| 260 |
# |
# |
|a Rapra Technology Limited,
|c 2001
|
| 300 |
# |
# |
|a v.:
|b ill.;
|c 30 cm.
|
| 490 |
0 |
0 |
|a Rapra review reports;
|v vol. 11, no.11 2001 = report 131
|
| 500 |
# |
# |
|a "Expert overviews covering the science and technology of rubber and plastics
|
| 650 |
0 |
0 |
|a Rubber
|
| 650 |
0 |
0 |
|a Plastics
|
| 710 |
1 |
1 |
|a Rapra Technology Limited
|
| 999 |
|
|
|a 1100032155
|b Jurnal
|c Serials
|e STACKROOM 1
|